00847nam a22002057a 4500003000400000005001700004008004100021020001900062040002100081050002100102100002700123245009000150260004400240300001000284650007000294650007700364942001500441952016800456999001700624OSt20260618154556.0260618b |||||||| |||| 00| 0 eng d a 9781929024445 cChuka University aLB 1731 .C6 2002 aCorreia Marlene930302 aThe mentors handbook; practical suggestions for collaborative reflection and analysis aNorwoodbChristopher- Gordon Publishers a100pp aMentoring in education-- United States--Handbooks, manuals930303 aTeachers-in- service training--United States-- Handbooks, Manuals930304 2lcccBKn0 00102lcc40708LGLaCHKbCHKcGENd2026-06-18eDonations from books for Africag2586.01l0oLB 1731 .C67 2002p35500/2026r2026-06-18 15:47:59t1w2026-06-18yBK c24837d24837